[Event "Polgar Challenge 2021"]
[Site "Online"]
[Date "2021.04.04"]
[Round "1.1"]
[White "Badelka, Olga"]
[Black "Zhu, Jiner"]
[Result "0-1"]
[WhiteElo "2433"]
[BlackElo "2459"]
[Annotator "TA"]
[PlyCount "122"]
[EventDate "2021.04.08"]
[EventType "tourn"]
[EventCountry "NET"]
[SourceTitle "playchess.com"]
[Source "ChessBase"]
[SourceQuality "1"]

{[%evp 20,122,27,0,0,0,0,0,0,0,7,0,10,0,0,0,0,0,8,0,14,-20,-5,-9,-5,-110,-43,-43,-48,-86,-78,-76,-75,-85,-76,-86,-86,-89,-89,-91,-70,-63,-70,-72,-75,-73,-10,-66,-59,-72,-64,-72,-63,-91,-51,-63,-63,-93,-89,-100,-96,-98,-102,-129,-59,-94,-87,-82,-71,-75,-56,-226,-216,-229,-238,-454,-445,-558,-558,-558,-556,-558,-558,-556,-556,-549,-556,-549,-545,-516,-516,-454,-285,-1143,-1143,-1129,-1112,-898,-872,-843,-601,-1835,-1825,-29979,-5683]} 1. c4 Nf6 2. Nc3 e6 3. e4 d5 4. e5 d4 5. exf6 dxc3 6. bxc3 Qxf6 7. d4 e5 8. Nf3 exd4 9. Bg5 Qe6+ 10. Be2 Be7 11. cxd4 (11. Nxd4 {is interesting.} Qe5 12. Bxe7 Qxe7 13. O-O O-O 14. Re1) 11... Bxg5 {A18: English Opening: Flohr-Mikenas System (1 c4 Nf6 2 Nc3 e6 3 e4).} 12. Nxg5 Qg6 13. f4 (13. Nf3 {keeps more tension.} O-O 14. O-O Bh3 15. Ne1 Bf5 16. Nf3) 13... O-O {The position is equal.} 14. O-O Nc6 15. d5 Ne7 16. Qd2 h6 17. Nf3 Qd6 {[#]} 18. Ne5 $146 ({Predecessor:} 18. Rad1 c6 19. dxc6 Qxc6 20. Rfe1 Qc7 21. Qd6 Qxd6 22. Rxd6 Be6 23. Nd4 Nf5 24. Nxf5 Bxf5 {½-½ (46) Vachier Lagrave,M (2710)-Ganguly,S (2625) Melilla 2011}) 18... c6 {[%cal Rc6d5]} 19. Rad1 Rd8 20. Kh1 cxd5 21. cxd5 {[#]} Be6 $1 {[%cal Re6d5]} 22. f5 (22. Bc4 Bxd5) 22... Qxe5 (22... Bxd5 $17 23. Qb2 Qb6) 23. fxe6 $15 fxe6 {[%cal Rd8d5]} 24. d6 Nd5 25. Bg4 {Rfe1 is the strong threat.} Qxd6 26. Rfe1 {[#]} Re8 27. Qe2 {[%cal Rg4e6]} Rad8 28. Bxe6+ {[%mdl 64] Double Attack} Kh8 29. Qg4 Qb4 30. Qxb4 Nxb4 31. Rxd8 Rxd8 {[%mdl 4096] Endgame KRB-KRN} 32. Bb3 g5 (32... Nd3 $17 33. Re7 Nc5) 33. h3 ({White should play} 33. h4 $1 $11) 33... Rd7 34. Re4 Nc6 35. Re8+ Kg7 36. Kh2 Re7 37. Rc8 Nd4 38. Bd5 b6 39. Rc4 Nf5 {Strongly threatening ...Ne3.} 40. Rc8 h5 41. Rg8+ Kh6 (41... Kf6 $17 42. Bb3 Rc7 43. Rf8+ Ke5) 42. g4 hxg4 43. hxg4 Ne3 44. Bf3 Re5 45. Rf8 $2 {This costs White the game.} (45. Kg3 $15) 45... Ra5 $19 46. Kg3 Rxa2 {( -> ...Nf1+)} 47. Be4 $2 (47. Bb7 {is a better defense.}) 47... Kg7 48. Rd8 Nf1+ 49. Kf3 Nd2+ 50. Ke3 Nxe4 51. Kxe4 {KR-KR} Ra5 52. Rd7+ Kf6 53. Rb7 Ke6 54. Rg7 Kd6 55. Rg6+ Kc7 56. Rf6 $2 (56. Rg7+ Kb8 57. Rg6) 56... Rc5 57. Rf7+ Kb8 58. Rf8+ Kb7 59. Rf7+ Ka6 60. Rf5 Kb5 61. Re5 a5 {Weighted Error Value: White=0.30/Black=0.09} (61... Rxe5+ $142 62. Kxe5 a5 63. Ke4 Kc4 64. Kf5 a4 65. Kf6 a3 66. Kxg5 a2 67. Kg6 a1=Q 68. Kf5 Kd5 69. Kf4 Qe5+ 70. Kf3 Kd4 71. Kf2 Qf4+ 72. Kg2 Qxg4+ 73. Kf2 Kd3 74. Kf1 Ke3 75. Ke1 Qg1#) 0-1

[Event "Polgar Challenge 2021"]
[Site "Online"]
[Date "2021.04.04"]
[Round "1.2"]
[White "Lei, Tingjie"]
[Black "Nihal Sarin"]
[Result "1/2-1/2"]
[WhiteElo "2505"]
[BlackElo "2620"]
[Annotator "TA"]
[PlyCount "51"]
[EventDate "2021.04.08"]
[EventType "tourn"]
[EventCountry "NET"]
[SourceTitle "playchess.com"]
[Source "ChessBase"]
[SourceQuality "1"]

{[%evp 17,51,42,62,51,54,12,16,12,23,24,18,8,10,11,21,4,29,-14,-14,-14,-12,-16,6,5,7,3,4,3,8,0,7,0,6,0,3,0]} 1. e4 e5 2. Nf3 Nc6 3. Bb5 a6 4. Ba4 Nf6 5. O-O d6 6. Re1 b5 7. Bb3 Na5 8. d4 Nxb3 9. axb3 Bb7 10. dxe5 {C79: Ruy Lopez: Steinitz-type lines with 3...a6 4 Ba4 Nf6 5 0-0 d6.} Nxe4 11. exd6 {[#]} (11. Nbd2 $5 {[%cal Rd2e4]} d5 12. c3 $14) 11... Qxd6 $146 ({Predecessor:} 11... Bxd6 12. Qd3 f5 13. Bg5 Qd7 14. Nc3 O-O 15. Rad1 Qf7 16. Nd5 Rfe8 17. c4 h6 {0-1 (37) Baglan,E (2257)-Abramovic,B (2431) Paracin 2015}) 12. Qxd6 Bxd6 13. Ng5 O-O $1 14. Nxe4 Rae8 $1 15. Nbc3 {Bg5 is the strong threat.} f5 16. f3 Bb4 {[#]} 17. Bd2 $1 {And now Nf2 would win.} fxe4 {The position is equal.} 18. fxe4 Re6 19. Rad1 Bxc3 20. Bxc3 Rxe4 21. Rxe4 Bxe4 $11 {KRB-KRB} 22. Rd7 Rf7 23. Rd8+ Rf8 24. Rd7 Rf7 25. Rd8+ Rf8 26. Rd7 {Weighted Error Value: White=0.11/Black=0.05} 1/2-1/2

[Event "Polgar Challenge 2021"]
[Site "Online"]
[Date "2021.04.04"]
[Round "1.3"]
[White "Yip, Carissa"]
[Black "Mammadzada, Gunay"]
[Result "1/2-1/2"]
[WhiteElo "2430"]
[BlackElo "2443"]
[Annotator "TA"]
[PlyCount "87"]
[EventDate "2021.04.08"]
[EventType "tourn"]
[EventCountry "NET"]
[SourceTitle "playchess.com"]
[Source "ChessBase"]
[SourceQuality "1"]

{[%evp 15,87,27,18,16,57,67,77,74,194,199,218,191,197,116,110,76,154,112,122,54,195,33,21,23,14,0,2,7,9,-38,-43,-104,-18,-59,-58,-57,-62,-54,-50,-46,-43,-75,-72,-83,-77,-90,-65,-97,-73,-72,-63,-93,-61,-65,-45,-45,-33,-73,-74,-92,-50,-93,-69,-73,-34,-45,0,0,0,-64,0,-102,0,-58]} 1. e4 c5 2. Nf3 d6 3. d4 cxd4 4. Nxd4 Nf6 5. Nc3 a6 6. Be3 e5 7. Nf3 Qc7 8. a4 Be6 9. Ng5 {B90: Sicilian Najdorf: Unusual White 6th moves, 6 Be3 Ng4 and 6 Be3 e5.} Qc6 10. Nxe6 fxe6 {[#]} 11. g4 $146 {White is better.} ({Predecessor:} 11. g3 Nxe4 12. Bg2 d5 13. Nxe4 dxe4 14. Qh5+ g6 15. Qxe5 Rg8 16. Bxe4 Qc8 17. Bxb7 Qxb7 18. Qxe6+ Qe7 19. Qxg8 Nd7 20. Qd5 Rb8 21. O-O Qe5 22. Qxe5+ Nxe5 23. Bf4 {1-0 (23) Dogan,N (2129)-Bitirgen,B (1820) Kemer 2014}) 11... Be7 (11... h6 $16 {might work better.}) 12. g5 $1 $18 {[%cal Rg5f6]} Nfd7 13. Qh5+ $1 g6 14. Qg4 ({White should play} 14. Qh6 $18) 14... Nf8 $16 15. h4 Nbd7 (15... Bd8 $142) 16. h5 Rg8 17. O-O-O (17. h6 $16) 17... O-O-O {[#]} ({Black should try} 17... gxh5 $14 18. Qxh5+ Rg6) 18. Kb1 $2 (18. Qf3 $1 $18 {[%cal Rf3f7]} gxh5 19. Qf7 (19. Qxh5 Rg7 $11)) 18... gxh5 $14 19. Qxh5 {Black must now prevent Qf7.} Rg7 20. Bh3 Kb8 21. Rhg1 Nc5 22. Bxc5 Qxc5 23. Qe2 (23. Qf3 $15) 23... Rxg5 ({Better is} 23... Bxg5 $17 24. Rg3 Qb4) 24. Rxg5 Bxg5 25. Qh5 h6 26. Qf7 Qc8 27. Rd3 Qd7 28. Qg8 Qe7 {Hoping for ...Nd7.} 29. Rf3 {[#]} Bf4 $1 30. Rd3 Nd7 31. Qg6 ({Avoid the trap} 31. Qxe6 $2 Qxe6 32. Bxe6 Nc5 $19) 31... Nc5 32. Rd1 Rc8 33. Qg4 Re8 34. Qe2 Rd8 35. Qc4 Rc8 36. Qe2 Qh4 37. Bg2 Rg8 38. Rh1 Qe7 39. Bh3 Qe8 40. Rd1 Qe7 41. Qc4 Rc8 (41... Rg6 $11) 42. Qe2 $15 Qh4 43. Bg2 Qe7 44. Bh3 $1 {Blacks defense is rewarded with a draw.  Weighted Error Value: White=0.21/Black=0.28} 1/2-1/2

[Event "Polgar Challenge 2021"]
[Site "Online"]
[Date "2021.04.04"]
[Round "1.4"]
[White "Praggnanandhaa R"]
[Black "Murzin, Volodar"]
[Result "0-1"]
[WhiteElo "2608"]
[BlackElo "2478"]
[Annotator "TA"]
[PlyCount "82"]
[EventDate "2021.04.08"]
[EventType "tourn"]
[EventCountry "NET"]
[SourceTitle "playchess.com"]
[Source "ChessBase"]
[SourceQuality "1"]

{[%evp 20,82,35,25,44,27,56,41,26,0,22,22,17,-32,-22,-35,-73,-143,-137,-129,-130,-110,-129,-179,-187,-180,-189,-222,-223,-279,-252,-317,-344,-387,-353,-399,-374,-395,-399,-575,-450,-858,-850,-812,-808,-29981,-29982,-29978,-1245,-4214,-2716,-29970,-29971,-29972,-29972,-29972,-29974,-29974,-29975,-29988,-29989,-29995,-29996,-29997,-29998]} 1. d4 Nf6 2. c4 g6 3. Nc3 Bg7 4. e4 O-O 5. h3 d6 6. Be3 e5 7. d5 Na6 8. Nf3 Nc5 9. Nd2 a5 10. g4 c6 11. Be2 a4 {E92: King's Indian: Classical: 6 Be2 e5: 7 dxe5, 7 Be3 and Petrosian System without 7...Nbd7.} 12. g5 Ne8 13. h4 f6 {[#] White is slightly better.} 14. Rg1 $146 ({Predecessor:} 14. b4 axb3 15. axb3 Rxa1 16. Qxa1 Na6 17. Qa3 c5 18. Na2 f5 19. f3 Qb6 20. Bd3 {1-0 (47) Lyrberg,P (2446)-Murzin,V (2336) Stockholm 2018}) 14... Qa5 15. Rb1 Bd7 16. h5 fxg5 17. hxg6 h6 18. Bg4 (18. Qc2 $142) 18... Bxg4 $1 $17 19. Qxg4 Nf6 20. Qg2 Nd3+ 21. Ke2 Nf4+ 22. Bxf4 exf4 23. Qh3 Rae8 24. Kd1 Qc5 25. Rf1 b5 {[%cal Bb7b5,Bb5b4][%mdl 32]} 26. Qd3 b4 27. Nxa4 Qa7 28. b3 cxd5 29. cxd5 (29. exd5 $142 Ng4 30. c5) 29... Ng4 30. Ke1 (30. f3 $142 Nf2+ 31. Rxf2 Qxf2 32. Qe2) 30... Ne5 $19 31. Qe2 Rc8 32. Nf3 Nxf3+ 33. Qxf3 Rc2 (33... Bc3+ $142 34. Nxc3 Rxc3 35. Qg4 Qxa2 {[%mdl 64] Double Attack} 36. Qd1 f3 37. Rh1 Rf4 38. Ra1 Rxe4+ 39. Kf1 {[#]} Rd3 $3 {[%mdl 512]} 40. Qe1 Rxe1+ 41. Rxe1 Rd1 $3 {[%mdl 576] Deflection, Decoy} 42. Rxd1 Qe2+ {[%mdl 64] Double Attack} 43. Kg1 Qxd1+ {[%mdl 64] Double Attack} 44. Kh2 Qd2 45. Rf1 Qf4+ 46. Kh1 Qg4 47. Kh2 Qg2#) 34. Qd3 Rfc8 35. Kd1 Rxf2 {Black mates.} 36. Re1 Be5 37. Rc1 Rxc1+ 38. Kxc1 Rxa2 39. Qb5 Ra1+ 40. Kd2 Qd4+ 41. Kc2 Ra2+ {Black took control after the opening.  Weighted Error Value: White=0.86/Black=0.27} 0-1

[Event "Polgar Challenge 2021"]
[Site "Online"]
[Date "2021.04.04"]
[Round "1.5"]
[White "Salimova, Nurgyul"]
[Black "Abdusattorov, Nodirbek"]
[Result "0-1"]
[WhiteElo "2397"]
[BlackElo "2627"]
[Annotator "TA"]
[PlyCount "66"]
[EventDate "2021.04.08"]
[EventType "tourn"]
[EventCountry "NET"]
[SourceTitle "playchess.com"]
[Source "ChessBase"]
[SourceQuality "1"]

{[%evp 13,66,10,18,10,25,3,9,0,14,5,9,18,22,25,28,29,33,30,25,0,0,0,0,0,0,0,0,0,8,-35,-46,-49,-52,-82,-55,-102,-99,-106,-100,-230,-229,-334,-322,-290,-238,-364,-346,-335,-333,-308,-200,-943,-939,-930,-916]} 1. d4 Nf6 2. Nf3 e6 3. g3 b6 4. Bg2 Bb7 5. O-O Be7 6. c4 O-O 7. Re1 Na6 8. Bf4 {E17: Queen's Indian: 4 g3 Bb7 5 Bg2 Be7.} d5 9. Ne5 c5 10. Nc3 {[#] The position is equal.} cxd4 $146 ({Predecessor:} 10... Re8 11. Rc1 Ne4 12. cxd5 exd5 13. Bxe4 dxe4 14. Qb3 Rf8 15. d5 Bf6 {1-0 (67) Yakubboev,N (2575)-Khoroshev,N (2414) Tashkent 2019}) 11. Qxd4 Bc5 12. Qd1 Qe7 13. cxd5 exd5 14. Nd3 d4 {And now ...Bxg2 would win.} 15. Bxb7 Qxb7 16. Nb1 Nb4 17. Nd2 Nfd5 18. Nxc5 bxc5 19. Bd6 {[%mdl 64] Double Attack} Rfc8 20. a3 Na6 $40 {[%mdl 128] Black attacks.} 21. Nc4 (21. e4 $5 {[%cal Re4d5]} Qc6 22. Bxc5 $1 (22. exd5 Qxd6 23. Qh5 Nc7 $11) 22... Nxc5 23. exd5 Qxd5 24. Qf3 $11) 21... Nb6 22. Nxb6 axb6 23. Bf4 {[#]} Qd5 $1 24. b3 {[#]} b5 $1 25. e4 Qd7 26. a4 {This costs White the game.} (26. Rc1 $17 {might work better.}) 26... Nb4 $19 27. e5 (27. Qd2 $142) 27... bxa4 28. bxa4 d3 29. Re4 (29. e6 $142 fxe6 30. Re4) 29... Qd5 30. Qf3 Nc2 31. Rd1 Rxa4 32. Qxd3 (32. Qg4 Raa8 33. Bh6) 32... Qxd3 33. Rxd3 Rxe4 {Weighted Error Value: White=0.42/Black=0.08} 0-1

[Event "Polgar Challenge 2021"]
[Site "Online"]
[Date "2021.04.04"]
[Round "1.6"]
[White "Saduakassova, Dinara"]
[Black "Khademalsharieh, Sarasadat"]
[Result "0-1"]
[WhiteElo "2500"]
[BlackElo "2494"]
[Annotator "ChessBase"]
[PlyCount "62"]
[EventDate "2021.04.08"]
[EventType "tourn"]
[EventCountry "NET"]
[SourceTitle "playchess.com"]
[Source "ChessBase"]
[SourceQuality "1"]
[TimeControl "600+5"]

1. d4 {[%emt 0:00:00]} d5 {[%emt 0:00:00]} 2. c4 {[%emt 0:00:00]} e6 {[%emt 0:00:00]} 3. Nf3 {[%emt 0:00:08]} a6 {[%emt 0:00:01]} 4. cxd5 {[%emt 0:00:05]} exd5 {[%emt 0:00:03]} 5. Nc3 {[%emt 0:00:07]} Nf6 {[%emt 0:00:03]} 6. Bg5 {[%emt 0:00:15]} Be6 {[%emt 0:00:22]} 7. Qb3 {[%emt 0:01:38]} Ra7 {[%emt 0:00:26]} 8. e3 {[%emt 0:00:50]} Nbd7 {[%emt 0:00:42]} 9. Bd3 {[%emt 0:00:54]} c5 {[%emt 0:00:25]} 10. dxc5 {[%emt 0:00:17]} d4 {[%emt 0:00:21]} 11. Bxf6 {[%emt 0:01:16]} gxf6 {[%emt 0:00:56]} 12. Qc2 {[%emt 0:00:07]} dxc3 {[%emt 0:00:03]} 13. Qxc3 {[%emt 0:00:06]} Nxc5 {[%emt 0:00:07]} 14. Bc2 {[%emt 0:00:11]} Ra8 {[%emt 0:00:24]} 15. Rd1 {[%emt 0:00:09]} Nd7 {[%emt 0:00:12]} 16. Nd4 {[%emt 0:00:40]} Rc8 {[%emt 0:00:15]} 17. Qd2 {[%emt 0:00:09]} Ne5 {[%emt 0:00:28]} 18. O-O {[%emt 0:00:23]} Bc5 {[%emt 0:00:34]} 19. b4 {[%emt 0:00:40]} Bxd4 {[%emt 0:00:15]} 20. exd4 {[%emt 0:00:02]} Ng6 {[%emt 0:00:40]} 21. d5 {[%emt 0:00:17]} Bd7 {[%emt 0:00:23]} 22. Rfe1+ {[%emt 0:00:02]} Kf8 {[%emt 0:00:01]} 23. Qh6+ {[%emt 0:00:06]} Kg8 {[%emt 0:00:01]} 24. Bb3 {[%emt 0:00:02]} Qf8 {[%emt 0:00:06]} 25. Qe3 {[%emt 0:00:08]} Qd6 {[%emt 0:00:12]} 26. Qh6 {[%emt 0:00:19]} Qf8 {[%emt 0:00:34]} 27. Qe3 {[%emt 0:00:14]} Qxb4 {[%emt 0:00:05]} 28. d6 {[%emt 0:00:04]} Kg7 {[%emt 0:00:10]} 29. Rd4 {[%emt 0:01:31]} Qc5 {[%emt 0:00:40]} 30. Red1 {[%emt 0:00:08]} Rhe8 {[%emt 0:00:04]} 31. Qd2 {[%emt 0:00:14]} Qc3 {[%emt 0:00:03]} 0-1

[Event "Polgar Challenge 2021"]
[Site "Online"]
[Date "2021.04.04"]
[Round "1.7"]
[White "Liang, Awonder"]
[Black "Abdumalik, Zhansaya"]
[Result "0-1"]
[WhiteElo "2592"]
[BlackElo "2472"]
[Annotator "TA"]
[PlyCount "92"]
[EventDate "2021.04.08"]
[EventType "tourn"]
[EventCountry "NET"]
[SourceTitle "playchess.com"]
[Source "ChessBase"]
[SourceQuality "1"]

{[%evp 14,92,18,8,23,24,23,12,21,3,3,-12,-12,-19,0,-8,0,-29,-31,-62,-49,-58,0,-4,0,-26,-20,-152,-128,-238,-235,-244,-223,-239,-230,-240,-227,-311,-301,-312,-213,-244,-236,-224,-255,-231,-257,-254,-241,-286,-284,-233,-166,-420,-393,-862,-825,-885,-891,-2420,-5206,-5247,-2368,-2295,-2122,-1837,-1508,-1750,-1753,-1650,-1666,-29971,-29972,-29971,-29970,-29964,-29951,-6127,-6548,-5143,-4694]} 1. e4 e5 2. Nf3 Nc6 3. Bb5 a6 4. Ba4 Nf6 5. O-O Be7 6. Bxc6 dxc6 7. d3 Bd6 8. Nbd2 O-O {C85: Closed Ruy Lopez: Deferred Exchange Variation.} 9. Nc4 Nd7 10. Be3 Re8 {[#] The position is equal.} 11. Nfd2 $146 ({Predecessor:} 11. a4 c5 12. Nfd2 Nf8 13. a5 Be6 14. Nxd6 cxd6 15. Nc4 Qc7 16. Nb6 Rad8 17. c4 {1-0 (49) Paravyan,D (2540)-Mikaelyan,A (2432) Yerevan 2017}) 11... Nf8 12. Kh1 Ng6 13. Qh5 Nf4 14. Bxf4 exf4 15. Rae1 Bf8 16. e5 b5 17. Na5 Qd4 ({Black should try} 17... Be6 $15) 18. Nf3 $11 (18. Nxc6 Qxb2 19. Nf3 h6 $17) 18... Qd5 19. Re4 ({Reject} 19. c4 Qxd3 20. Rd1 Qg6 $17) 19... Qxa2 ({Don't do} 19... g6 20. Qh4 $17) 20. Nxc6 {Black keeps a firm grip on the game.} (20. Rxf4 $11 g6 21. Qh4) 20... Bb7 21. Ng5 h6 $19 22. e6 {[#]} g6 $1 ({Inferior is} 22... hxg5 23. Qxf7+ Kh7 24. Qh5+ Kg8 25. Qf7+ Kh7 26. Qh5+ Kg8 27. Qf7+ $11) 23. exf7+ {[#]} Qxf7 $1 {[%mdl 512]} 24. Nxf7 gxh5 25. Nfe5 Bg7 26. Ree1 a5 {[%cal Ba6a5,Ba5a4][%mdl 32]} 27. d4 Ra6 28. d5 a4 29. c3 Bxe5 30. Nxe5 Bxd5 31. Nd3 Rxe1 32. Rxe1 {[%mdl 4096] Endgame KRB-KRN} f3 33. g3 $2 (33. gxf3 a3 34. bxa3) 33... Bc4 34. Nf4 (34. Re8+ Kg7 35. Ne5) 34... Rd6 35. h4 Rd2 {[%mdl 64] Double Attack} 36. Re7 Rxf2 37. Nxh5 Rxb2 38. Rd7 Bf7 39. Rd8+ Kh7 {( -> ...Rb1+)} 40. Rd7 Kg6 {Threatens to win with ...Rb1+.} 41. Nf4+ Kf6 {White must now prevent ...Rb1+.} 42. g4 Rb1+ 43. Kh2 f2 44. g5+ hxg5 45. hxg5+ Kg7 46. Nh5+ Kf8 {Weighted Error Value: White=0.78/Black=0.10} 0-1

[Event "Polgar Challenge 2021"]
[Site "Online"]
[Date "2021.04.04"]
[Round "1.8"]
[White "Yoo, Christopher Woojin"]
[Black "Mendonca, Leon Luke"]
[Result "1-0"]
[WhiteElo "2455"]
[BlackElo "2549"]
[Annotator "TA"]
[PlyCount "167"]
[EventDate "2021.04.08"]
[EventType "tourn"]
[EventCountry "NET"]
[SourceTitle "playchess.com"]
[Source "ChessBase"]
[SourceQuality "1"]

{[%evp 9,167,31,32,-7,-2,-58,22,0,13,0,9,-91,-29,-69,14,0,40,0,0,0,110,108,118,108,140,127,164,24,99,54,68,24,24,18,20,19,12,-29,46,-27,-9,-26,-14,-31,-28,-27,-22,-22,-18,-33,-2,-84,-78,-80,-37,-173,-4,-56,145,143,141,136,153,153,154,154,162,173,164,170,275,253,238,166,155,154,155,152,237,152,155,146,210,224,182,109,140,0,89,92,104,0,175,165,170,185,194,152,200,162,239,238,350,0,183,0,317,169,202,196,209,188,251,0,161,0,253,249,249,239,288,285,302,237,245,188,239,200,170,0,221,184,219,215,339,339,340,381,309,391,389,390,392,392,373,356,343,292,255,224,558,564,898,895,870,852,1076,1031,1263,1247]} 1. e4 c5 2. Nf3 d6 3. d4 cxd4 4. Nxd4 Nf6 5. Nc3 a6 6. Qe2 {B90: Sicilian Najdorf: Unusual White 6th moves, 6 Be3 Ng4 and 6 Be3 e5.} e5 7. Nf5 (7. Nb3 $11) 7... g6 (7... d5 $1 $15) 8. Nh6 $11 {The position is equal.} Be6 9. Bg5 {[#]} Nbd7 $146 ({Predecessor:} 9... Be7 10. Qd2 Nbd7 11. Bd3 Nc5 12. h4 Rc8 13. O-O Nh5 14. g3 Bxg5 15. hxg5 f6 16. gxf6 Nxd3 {1-0 (27) Skytte,R (2402)-Teplyi,I (2433) Aarhus 2016}) 10. g3 {[#]} (10. Qf3 $11) 10... Rc8 (10... Qb6 $1 $17 {[%cal Rb6b2]} 11. O-O-O Qa5) 11. Bg2 Be7 (11... Qb6 $15 12. O-O-O Qa5) 12. O-O Qb6 13. Rab1 Bc4 14. Qf3 $36 {[%mdl 2048] White has some pressure.} Kf8 (14... Bxf1 $11 {keeps the balance.} 15. Rxf1 Rf8) 15. Bh3 $16 Qd8 16. Rfd1 Be6 17. Bxe6 fxe6 18. Ng4 ({Only move:} 18. Bxf6 $18 Nxf6 19. g4) 18... Kg7 (18... Rc6 $1 $11 {remains equal.}) 19. Bh6+ Kf7 20. Rd2 Rc6 21. Rbd1 Qb6 22. Nxf6 Nxf6 23. b3 Rhc8 (23... Qc7 $11 24. Rd3 Rc8) 24. Rd3 (24. Na4 $14 Qc7 25. c4) 24... Kg8 (24... Qc7 {seems wilder.} 25. Bd2 Kg8 26. h4 b5 27. a3 h5) 25. Bg5 Rf8 {Threatens to win with ...Nxe4!} 26. Qe2 Qc7 27. Bd2 b5 28. a3 Qb6 29. Rf3 Kg7 30. b4 (30. a4 $11) 30... Rc4 $17 31. Bg5 Qc6 32. Qd2 (32. Qe3 $15) 32... Rd4 $2 (32... Nxe4 $19 33. Bh6+ Kg8 34. Rxf8+ Bxf8 35. Nxe4 Rd4 36. Nf6+ Kf7) 33. Rd3 (33. Qe3 $1 $11) 33... Rc4 $2 (33... Rc8 $15 {keeps the upper hand.} 34. Qe1 (34. Rxd4 exd4 35. Nb1 Qxe4 $17) 34... Rc4 35. Bxf6+ Kxf6 36. Rf3+ Kg7) 34. Bh6+ $16 {[%mdl 64] [#] Skewer} Kg8 {Hoping for ...Rc8.} 35. Bxf8 Kxf8 36. Re1 Kg7 37. Re2 h6 38. f3 Nd7 39. Nd1 Qc8 (39... Qb6+ $142 40. Ne3 Nf6) 40. Ne3 $18 Rc6 41. h4 h5 42. Re1 Nb6 43. Rd1 Qf8 (43... Kh7 $16 44. Rf1 Qe8) 44. Qf2 Na4 45. R1d2 Nb2 (45... Qf7 $16 46. c3 Qf8) 46. Rb3 Na4 47. Ng2 (47. f4 $18) 47... Bd8 48. Ne3 (48. Qa7+ $16 Qf7 49. Qxf7+ Kxf7 50. Kf1) 48... Bb6 (48... Be7 $1 $11) 49. Kg2 $16 Bd4 50. Rbd3 (50. f4 $16) 50... Bb6 $2 (50... Bc3 $1 $11 {and Black has nothing to worry.}) 51. Qe2 Nb2 52. Rb3 Na4 53. Nd1 Bd8 54. Rbd3 Nb6 (54... Be7 $142 55. c3 Kg8) 55. Ne3 $18 Na4 (55... Be7 $142 56. c3 Qf6) 56. Qf2 (56. c4 $142) 56... Bb6 57. Qe2 $2 ({White should try} 57. c3 $18) 57... Bd8 $2 {[%mdl 8192]} (57... Nb2 $11) 58. Qe1 (58. c4 $142) 58... Bb6 59. Nd1 Ba7 60. Qe2 Bb6 (60... Bb8 $142 61. c3 Nb6) 61. Rb3 $2 (61. c3 $18) 61... Bd4 $2 (61... Bd8 $1 $11 {and Black stays safe.}) 62. Rbd3 (62. Qd3 $142) 62... Bb6 $1 63. c3 Ba7 64. Rc2 Qc8 65. Qd2 Qc7 66. Nb2 Nb6 67. Qe2 Qc8 (67... d5 {was worth a try.} 68. Qd1 Bb8) 68. Rcd2 Bb8 69. Qe3 $2 (69. Qd1 $18) 69... Qf8 $2 (69... Nc4 $1 $11 70. Qg5 (70. Nxc4 $2 bxc4 71. Qg5 cxd3 $19) 70... Nxd2 71. Qxd2 Bc7) 70. Rf2 Ba7 {intending ...Nc8.} 71. Qe1 Bb8 (71... Qe7 $142 72. Re2 Qb7) 72. f4 exf4 73. Rxf4 ({Less strong is} 73. gxf4 d5 $16) 73... Qe7 74. Rdf3 {Qf2 is the strong threat.} Nd7 75. Nd3 e5 76. Rf7+ $1 Qxf7 77. Rxf7+ Kxf7 78. Qe3 Nf6 79. Nf2 Ke6 $2 (79... Bc7 {is tougher.} 80. Qd3 Ke7) 80. Qh6 {White is clearly winning.} Kf7 {If Black can now play ...Bc7 this consolidates a bit.} 81. Nh3 Nxe4 82. Qh7+ Ke6 83. Qxg6+ {[%mdl 64] Double Attack} Nf6 84. Ng5+ {Weighted Error Value: White=0.47/Black=0.50} 1-0

[Event "Polgar Challenge 2021"]
[Site "Online"]
[Date "2021.04.04"]
[Round "1.9"]
[White "Shuvalova, Polina"]
[Black "Keymer, Vincent"]
[Result "0-1"]
[WhiteElo "2476"]
[BlackElo "2591"]
[Annotator "TA"]
[PlyCount "72"]
[EventDate "2021.04.08"]
[EventType "tourn"]
[EventCountry "NET"]
[SourceTitle "playchess.com"]
[Source "ChessBase"]
[SourceQuality "1"]

{[%evp 13,72,-2,-8,-13,16,11,34,-224,-224,-222,-214,-213,-212,-227,-200,-241,-232,-232,-230,-221,-216,-281,-216,-309,-300,-347,-311,-376,-368,-380,-387,-460,-409,-397,-397,-568,-561,-549,-548,-587,-578,-731,-733,-789,-758,-840,-817,-851,-862,-940,-922,-1070,-1062,-1086,-1097,-1087,-1088,-1833,-1378,-1538,-1509]} 1. d4 {Krasenkow,M} Nf6 2. c4 e6 3. Nf3 d5 4. g3 Bb4+ 5. Nc3 O-O 6. Bg2 dxc4 7. O-O Nc6 {[%cal Bb8c6,Bc6d4,Bd4b3][%mdl 32]} 8. Qa4 {E20: Nimzo-Indian: 4 g3 and 4 f3.} Bd7 9. Bg5 a5 {[#]} 10. a3 $146 {[%mdl 8192] [#]} (10. Bxf6 $14 {stays ahead.} gxf6 11. Qc2) ({Predecessor:} 10. Bxf6 Qxf6 11. a3 Bxc3 12. bxc3 Qd8 13. Qxc4 a4 14. Nd2 Na5 15. Qb4 Ra7 16. Rab1 {1-0 (30) Caruana,F (2822)-Karjakin,S (2773) Saint Louis 2018 CBM 186 [Krasenkow,M]}) 10... Nxd4 $1 $19 {[%mdl 512]} 11. Qd1 Bxc3 12. bxc3 Nb3 13. Ne5 {Black must now prevent Bxf6.} Bb5 ({Weaker is} 13... Nxa1 14. Bxf6 Qxf6 15. Nxd7 $17) 14. Rb1 Qxd1 15. Rfxd1 {[#]} Nd5 {[%cal Rd5c3]} 16. Bxd5 exd5 17. Bf4 c6 18. Nd7 (18. Nf3 $142) 18... Rfe8 19. Kf1 f6 20. Nb6 Ra6 21. Bc7 {White hopes to continue with a4.} a4 22. f3 Kf7 23. e4 d4 24. Rb2 (24. Rxd4 $142 Nxd4 25. cxd4) 24... Re7 {Black is clearly winning.} 25. Bd8 Re6 26. Kf2 d3 27. f4 Ke8 28. Bc7 Re7 29. Bd6 Rxb6 30. Bxe7 Kxe7 31. Ke3 c5 32. g4 Re6 33. e5 fxe5 34. f5 Rh6 {...Rh3+ is the strong threat.} 35. Rg1 d2 36. Ke4 Rxh2 {Black took control after the opening.  Weighted Error Value: White=0.68/Black=0.07} 0-1